[Event "Prague-F"]
[Site "Prague"]
[Date "2019.03.15"]
[Round "8.4"]
[White "Soucek, Petr"]
[Black "Krobot, Jan"]
[Result "1-0"]
[WhiteElo "1602"]
[BlackElo "1657"]
[PlyCount "43"]
[EventDate "2019.03.09"]
[EventType "tourn"]
[EventRounds "9"]
[EventCountry "CZE"]
[SourceTitle "CBM 189 Extra"]
[Source "ChessBase"]
[SourceDate "2019.06.03"]
[SourceVersion "1"]
[SourceVersionDate "2019.06.03"]
[SourceQuality "1"]

1. d4 Nf6 2. Bg5 e6 3. e4 Be7 4. Bd3 d5 5. e5 Nfd7 6. Bxe7 Qxe7 7. c3 c5 8. Nf3 c4 9. Bc2 Nc6 10. a4 0-0 11. Na3 a6 12. 0-0 Rb8 13. b4 cxb3 14. Bxb3 b5 15. axb5 axb5 16. Qd3 Na5 17. Bc2 g6 18. Nxb5 Nc4 19. Rfb1 Rb6 20. Na7 Nb2 21. Qe2 Ba6 22. Rxa6 1-0

[Event "Prague-F"]
[Site "Prague"]
[Date "2019.03.11"]
[Round "4.2"]
[White "Levinsky, Ladislav"]
[Black "Krobot, Jan"]
[Result "1/2-1/2"]
[WhiteElo "1528"]
[BlackElo "1657"]
[PlyCount "125"]
[EventDate "2019.03.09"]
[EventType "tourn"]
[EventRounds "9"]
[EventCountry "CZE"]
[SourceTitle "CBM 189 Extra"]
[Source "ChessBase"]
[SourceDate "2019.06.03"]
[SourceVersion "1"]
[SourceVersionDate "2019.06.03"]
[SourceQuality "1"]

1. Nf3 Nf6 2. d4 d6 3. Bf4 g6 4. e3 Bg7 5. c3 0-0 6. Bd3 Nbd7 7. Qc2 b6 8. 0-0 Bb7 9. Nbd2 c5 10. b3 Rc8 11. Rac1 cxd4 12. exd4 Nd5 13. Be3 Nxc3 14. Qb2 Nd5 15. Rxc8 Qxc8 16. Rc1 Qb8 17. h4 N7f6 18. Be2 Ng4 19. Nf1 Rc8 20. Ng5 Ngxe3 21. fxe3 h6 22. Nf3 Rc7 23. Qd2 Qc8 24. Rxc7 Qxc7 25. g4 Qc3 26. Kf2 Qxd2 27. N1xd2 Nc3 28. a3 Nxe2 29. Kxe2 e5 30. dxe5 dxe5 31. e4 f6 32. b4 Kf7 33. Ke3 Ke6 34. Ne1 f5 35. gxf5+ gxf5 36. exf5+ Kxf5 37. Nc4 Ke6 38. a4 h5 39. Nf3 Bxf3 40. Kxf3 Bf6 41. Ke4 Bxh4 42. Nxe5 Kd6 43. b5 Kc7 44. Nc6 Kb7 45. Nb4 Bg3 46. Nc6 h4 47. Kf3 a6 48. Kg4 axb5 49. axb5 Kc7 50. Nb4 Kd6 51. Nc6 Kc5 52. Na7 Kb4 53. Kh3 Kc5 54. Kg4 Bf2 55. Kf3 Bd4 56. Kg4 Bf2 57. Kh3 Bg3 58. Kg4 Kd5 59. Nc8 Kc5 60. Na7 Bb8 61. Nc8 Kxb5 62. Kxh4 Kc6 63. Nxb6 1/2-1/2

[Event "Prague-F"]
[Site "Prague"]
[Date "2019.03.10"]
[Round "3.5"]
[White "Krobot, Jan"]
[Black "Nigrin, Jiri"]
[Result "1/2-1/2"]
[WhiteElo "1657"]
[BlackElo "1611"]
[PlyCount "34"]
[EventDate "2019.03.09"]
[EventType "tourn"]
[EventRounds "9"]
[EventCountry "CZE"]
[SourceTitle "CBM 189 Extra"]
[Source "ChessBase"]
[SourceDate "2019.06.03"]
[SourceVersion "1"]
[SourceVersionDate "2019.06.03"]
[SourceQuality "1"]

1. d4 Nf6 2. Bf4 d6 3. e3 g6 4. c3 Bg7 5. Bd3 b6 6. Nd2 Bb7 7. Ngf3 Nbd7 8. h3 0-0 9. Qe2 c5 10. 0-0 Re8 11. Ba6 Bxa6 12. Qxa6 Qc8 13. Qxc8 Raxc8 14. Rad1 Nh5 15. Bh2 cxd4 16. exd4 d5 17. Rfe1 e6 1/2-1/2

[Event "Klatovy op-B 24th"]
[Site "Klatovy"]
[Date "2018.07.06"]
[Round "7"]
[White "Vilimek, Vit"]
[Black "Krobot, Jan"]
[Result "0-1"]
[WhiteElo "1448"]
[BlackElo "1680"]
[PlyCount "162"]
[EventDate "2018.06.30"]
[EventType "swiss"]
[EventRounds "9"]
[EventCountry "CZE"]
[SourceTitle "EXT 2019"]
[Source "ChessBase"]
[SourceDate "2018.10.10"]
[SourceVersion "1"]
[SourceVersionDate "2018.10.10"]
[SourceQuality "1"]

1. e4 c5 2. Nf3 d6 3. d4 cxd4 4. Nxd4 Nf6 5. Nc3 a6 6. a4 b6 7. Bc4 e6 8. Be3 Be7 9. f3 Bb7 10. Qd2 0-0 11. g4 d5 12. exd5 Nxd5 13. Bxd5 Bxd5 14. Bf4 Bc5 15. 0-0-0 Nc6 16. Nxc6 Bxc6 17. Qe2 Qf6 18. Qc4 Bxf3 19. h4 Bxh1 20. Rxh1 Rfd8 21. Ne2 Qe7 22. g5 Rdc8 23. Qe4 b5 24. Nc3 Bb4 25. Na2 Bd6 26. Bd2 bxa4 27. Qxa4 Qb7 28. Rd1 Qb5 29. Nc3 Qxa4 30. Nxa4 Rab8 31. Be3 Be5 32. b3 Rd8 33. Re1 Bd4 34. Bf4 e5 35. Bxe5 Bxe5 36. Rxe5 Rd4 37. h5 Rbd8 38. c4 f6 39. Ra5 fxg5 40. Rxg5 Kf7 41. Ra5 R8d6 42. Nc5 Rh6 43. Nxa6 Rh4 44. c5 R4xh5 45. Nb8 Rf6 46. b4 Rh2 47. Ra7+ Ke6 48. Rd7 Rf1+ 49. Rd1 Rxd1+ 50. Kxd1 Rb2 51. Na6 Kd7 52. Kc1 Ra2 53. b5 Ra5 54. c6+ Kc8 55. Nc5 Rxb5 56. Ne6 g6 57. Nf8 Rh5 58. Kd2 Kc7 59. Ne6+ Kxc6 60. Nf4 Re5 61. Kd3 g5 62. Nh5 g4 63. Ng3 h5 64. Kd4 Kd6 65. Ne4+ Rxe4+ 66. Kxe4 g3 67. Kf3 h4 68. Kg2 Ke5 69. Kf3 Kf5 70. Kg2 Ke4 71. Kg1 Kf3 72. Kh1 h3 73. Kg1 h2+ 74. Kh1 g2+ 75. Kxh2 Kf2 76. Kh3 g1Q 77. Kh4 Kf3 78. Kh5 Kf4 79. Kh6 Kf5 80. Kh7 Kf6 81. Kh8 Qg7# 0-1

[Event "Prague Golden op 13th"]
[Site "Prague"]
[Date "2017.07.05"]
[Round "5"]
[White "Krobot, Jan"]
[Black "Stojkovic, Andreja"]
[Result "0-1"]
[WhiteElo "1705"]
[BlackElo "1933"]
[PlyCount "70"]
[EventDate "2017.07.01"]
[EventType "swiss"]
[EventRounds "9"]
[EventCountry "CZE"]
[SourceTitle "CBM 179 Extra"]
[Source "ChessBase"]
[SourceDate "2017.08.23"]
[SourceVersion "1"]
[SourceVersionDate "2017.08.23"]
[SourceQuality "1"]

1. d4 g6 2. Bf4 Bg7 3. c3 Nf6 4. e3 d6 5. Nd2 Nbd7 6. Be2 e5 7. Bg5 0-0 8. h4 h6 9. Bxf6 Qxf6 10. g4 Qe7 11. Qc2 exd4 12. exd4 c5 13. dxc5 dxc5 14. 0-0-0 Ne5 15. f3 a5 16. h5 g5 17. Nh3 Nxg4 18. Nxg5 Qxg5 19. fxg4 a4 20. a3 Be6 21. Qe4 Bd5 22. Qd3 Bxh1 23. Rxh1 Rad8 24. Qc2 Be5 25. Rd1 Bf4 26. Bd3 Kg7 27. Kb1 Bxd2 28. Rxd2 c4 29. Rf2 cxd3 30. Qxa4 d2 31. Qd1 Qe3 32. Rf1 Qd3+ 33. Ka2 Qxf1 34. Qxf1 d1Q 35. Qf5 Qd5+ 0-1

[Event "Prague Golden op 13th"]
[Site "Prague"]
[Date "2017.07.03"]
[Round "3"]
[White "Krobot, Jan"]
[Black "Anaskin, Arsenij"]
[Result "0-1"]
[WhiteElo "1705"]
[BlackElo "2142"]
[PlyCount "88"]
[EventDate "2017.07.01"]
[EventType "swiss"]
[EventRounds "9"]
[EventCountry "CZE"]
[SourceTitle "CBM 179 Extra"]
[Source "ChessBase"]
[SourceDate "2017.08.23"]
[SourceVersion "1"]
[SourceVersionDate "2017.08.23"]
[SourceQuality "1"]

1. d4 Nf6 2. Bf4 e6 3. Nf3 c5 4. e3 b6 5. c3 Bb7 6. Nbd2 Be7 7. Bd3 0-0 8. Qe2 Nc6 9. 0-0 Nh5 10. Bg3 f5 11. Ne5 Nxg3 12. hxg3 Nxe5 13. dxe5 Qc7 14. f4 d6 15. exd6 Qxd6 16. Rad1 Rad8 17. Bc2 b5 18. Nf3 Qa6 19. a3 Bxf3 20. Qxf3 c4 21. Kf2 g5 22. Qh5 g4 23. Rh1 Rf7 24. Rxd8+ Bxd8 25. e4 Qd6 26. Rd1 Bb6+ 27. Ke2 Qc5 28. Rd4 e5 29. fxe5 Qxe5 30. Rd5 Qxg3 31. Qg5+ Rg7 32. Rd8+ Bxd8 33. Qxd8+ Kf7 34. Qd7+ Kg6 35. Qxf5+ Kh6 36. Qf6+ Rg6 37. Qf8+ Kh5 38. Qf5+ Kh4 39. Qf1 Rd6 40. Qh1+ Kg5 41. Qc1+ Qf4 42. Qe1 g3 43. Bb1 h6 44. Bc2 Qf2+ 0-1